000 00342nam a2200121Ia 4500
008 240731s9999 xx 000 0 und d
022 _a2160-486X
245 0 _aFat Studies : An Interdisciplinary Journal of Body Weight and Society
260 _bRoutledge
856 _uhttps://www.tandfonline.com/loi/ufts20
942 _2ddc
942 _cTFEJ
999 _c76612
_d76612
945 _a1
_bMadushi Gamage
_c1
_dMadushi Gamage